000 00649nam a2200229 i 4500
001 bgj
100 1 _aGRAVER, B. D.
245 1 0 _aAdvanced English practice /
_cB. D. Graver.
250 _a3rd ed.
_a[12th impr.].
260 _aOxford [etc.] :
_bOxford University Press,
_c1997.
300 _a320 pp ;
_c22 cm.
500 _a3rd ed. publ. 1986.
505 _aIncl. key to exercises.
650 9 _aEnglish language
_xGrammar |(Advanced)
655 _aTextbooks for foreigners
020 _a0194321819 (pbk)
040 _cBPK
041 0 _aeng
920 _a0-19-432181-9 (pbk)
942 _cKS
008 s uk f |000 0 eng
999 _c48632
_d48632
856 _uhttp://koha.tu.koszalin.pl/cgi-bin/koha/opac-detail.pl?biblionumber=48632
_yKatalog online BPK